Click a Brit Quiz Stats

Quiz Updated Dec 18, 2014

Challenge
Share
Tweet
Embed
Score 0/25 Timer 04:00
2 Plays Today
% Correct
David Bowie
93.9%
Hugh Laurie
93.3%
Amy Winehouse
92.8%
Keira Knightley
92.6%
Anthony Hopkins
91.3%
Michael Caine
90.8%
Ben Kingsley
89.5%
Julie Andrews
88.7%
Sacha Baron Cohen
81.7%
Catherine Zeta-Jones
80.8%
Eric Clapton
80.7%
Peter Sellers
76.3%
Christian Bale
75.7%
% Correct
Morrissey
75.6%
Minnie Driver
74.4%
Tilda Swinton
72.9%
Charlie Chaplin
72.6%
Jimmy Page
71.7%
Tracey Ullman
67.5%
Joan Collins
65.4%
Cary Grant
62.3%
Stan Laurel
58.7%
Jacqueline Bisset
55.8%
Jessica Tandy
40.9%
Nicollette Sheridan
36%

You're not logged in!

Compare scores with friends on all Sporcle quizzes.
Sign Up with Email
OR
Log In

You Might Also Like...

Show Comments

Extras

Top Quizzes Today


Score Distribution

Your Account Isn't Verified!

In order to create a playlist on Sporcle, you need to verify the email address you used during registration. Go to your Sporcle Settings to finish the process.